Countries with embassies and consulates in San Marino - Statistics

General Stats
  • This quiz has been taken 82 times
  • The average score is 7 of 10
Answer Stats
Continent Country % Correct
Europe Italy
100%
Europe France
94%
Europe Vatican City
83%
North America Mexico
81%
Asia Japan
78%
Europe Austria
72%
Europe Croatia
67%
Europe Monaco
57%
Europe Romania
47%
Europe Bulgaria
33%
No matching quizzes found
Score Distribution
Percent of People with Each Score
Percentile by Number Answered
Your Score History
You have not taken this quiz